00747nam a2200193Ia 4500001000600000003000500006008004100011010001100052040000900063100002800072245018400100260004100284300001000325502008200335650003300417650002900450650003900479700003500518Z_562CHAP220113s1983 xx 000 0 und d a163672 cCHAP aNava Rodríguez , Juan aEfectos del nivel de proteína cruda y de calcio en la ración sobre la utilización de aceite vegetal por conejos /cpor Juan Nava Rodríguez y Miguel Angel Cervantes Díaz aChapingo, Méx. :bEl autor,c1983 a21 h. aTesis (Ing. Agrónomo Esp. en Zooteecnia) -- UACH. Departamento de Zootecnia aCalcio en nutrición animal aConejosxAlimentación  aProteínas en nutrición animal  aCervantes Díaz, Miguel Angel